| 000 | 00742nam a2200217Ii 4500 | ||
|---|---|---|---|
| 003 | JO-AjNU | ||
| 008 | 230605s9999||||xx |||||||||||||| ||und|| | ||
| 017 | _a2013/4/1015 | ||
| 040 |
_aJO-AjNU _bara _erda _cJO-AjNU |
||
| 041 | _aara | ||
| 050 | 1 | 4 | _aPJ7842 2013 |
| 100 | 3 |
_aزقوت، رائدة, _eauthor _949794 |
|
| 245 | 0 | 0 | _aوشوشات قلم أحمر: قصص |
| 264 | 3 | 1 | _aعمان: وزارة الثقافة، 2013 |
| 300 | _a201ص | ||
| 336 |
_atext _btxt _2rdacontent |
||
| 337 |
_aunmediated _bn _2rdamedia |
||
| 338 |
_avolume _bnc _2rdacarrier |
||
| 490 | 0 | _aمكتبة الاسرة الاردنية / مهرجان القراءة للجميع | |
| 650 | 4 |
_aالادب العربي - العصر الحديث - قصص _949795 |
|
| 999 |
_aA21894 _c25462 _d25462 |
||